[Event "Pleven op 3rd"]
[Site "Pleven"]
[Date "2016.10.09"]
[Round "5"]
[White "Green, Moria"]
[Black "Mishev, Liubomir"]
[Result "0-1"]
[WhiteElo "1935"]
[BlackElo "2145"]
[PlyCount "74"]
[EventDate "2016.10.07"]
[EventType "swiss"]
[EventRounds "7"]
[EventCountry "BUL"]
[SourceTitle "EXT 2017"]
[Source "ChessBase"]
[SourceDate "2016.10.25"]
[SourceVersion "1"]
[SourceVersionDate "2016.10.25"]
[SourceQuality "1"]

1. d4 g6 2. c4 Bg7 3. Nc3 d6 4. e4 b6 5. Be3 Bb7 6. Qd2 Nd7 7. Bd3 a6 8. Nge2 c5 9. d5 Ne5 10. f4 Nxd3+ 11. Qxd3 Nf6 12. h3 Qc7 13. 0-0 0-0 14. Rab1 e6 15. b4 Rab8 16. a4 exd5 17. cxd5 c4 18. Qc2 Rfe8 19. Bd4 Re7 20. Kh1 Rbe8 21. Bxf6 Bxf6 22. e5 Bg7 23. Ne4 Bxd5 24. Nxd6 Rd8 25. Nc3 Ba8 26. Rbd1 f6 27. exf6 Bxf6 28. Nce4 Bg7 29. Rfe1 Re6 30. b5 axb5 31. Nxb5 Rxd1 32. Nxc7 Rxe1+ 33. Kh2 R6xe4 34. Nxa8 Rxf4 35. Qd2 Be5 36. g3 Rff1 37. Nxb6 c3 0-1

[Event "Albena op-B"]
[Site "Albena"]
[Date "2016.06.20"]
[Round "2"]
[White "Green, Moria"]
[Black "Pavlenko, Bogdan"]
[Result "0-1"]
[WhiteElo "1847"]
[BlackElo "2140"]
[PlyCount "74"]
[EventDate "2016.06.19"]
[EventType "swiss"]
[EventRounds "7"]
[EventCountry "BUL"]
[SourceTitle "EXT 2017"]
[Source "ChessBase"]
[SourceDate "2016.10.25"]
[SourceVersion "1"]
[SourceVersionDate "2016.10.25"]
[SourceQuality "1"]

1. d4 d6 2. c4 Nf6 3. Nc3 Nbd7 4. e4 e5 5. d5 Be7 6. Nge2 c6 7. Ng3 g6 8. Bh6 a6 9. Be2 cxd5 10. cxd5 b5 11. a3 Nb6 12. 0-0 Nfd7 13. Rc1 Bg5 14. Bxg5 Qxg5 15. b4 h5 16. a4 h4 17. Nh1 bxa4 18. Nxa4 Bb7 19. Nxb6 Nxb6 20. f4 Qe7 21. fxe5 Qxe5 22. Rc7 Bc8 23. Rfxf7 Bd7 24. Rfxd7 Nxd7 25. Qa4 Rd8 26. Bg4 Qd4+ 27. Nf2 0-0 28. Qc2 Ne5 29. Be6+ Kh8 30. h3 Rf6 31. Qe2 Rdf8 32. Bf5 R8f7 33. Rxf7 Rxf7 34. Kh2 gxf5 35. Qh5+ Kg7 36. Qg5+ Ng6 37. exf5 Qe5+ 0-1

[Event "Sofia MGU op 156th"]
[Site "Sofia"]
[Date "2015.11.29"]
[Round "4"]
[White "Mihalev, Daniil"]
[Black "Green, Moria"]
[Result "1/2-1/2"]
[WhiteElo "1754"]
[BlackElo "1809"]
[PlyCount "46"]
[EventDate "2015.11.28"]
[EventType "swiss"]
[EventRounds "6"]
[EventCountry "BUL"]
[SourceTitle "CBM 169 Extra"]
[Source "ChessBase"]
[SourceDate "2015.12.18"]
[SourceVersion "1"]
[SourceVersionDate "2015.12.18"]
[SourceQuality "1"]

1. Nf3 d5 2. b3 Bf5 3. Bb2 e6 4. e3 Nf6 5. d4 Bd6 6. Bd3 Bg6 7. 0-0 Nbd7 8. c4 c6 9. Ne5 0-0 10. Nxg6 hxg6 11. Nd2 e5 12. e4 exd4 13. exd5 cxd5 14. Bxd4 Ne5 15. Be2 b6 16. Nf3 Nc6 17. Bxf6 Qxf6 18. Qxd5 Rad8 19. Qg5 Qb2 20. Qb5 Nb4 21. Rfe1 Nxa2 22. Bf1 Bc5 23. Kh1 Nc3 1/2-1/2

[Event "Albena Vivacom op"]
[Site "Albena"]
[Date "2015.09.18"]
[Round "6"]
[White "Dyulgerov, Volen"]
[Black "Green, Moria"]
[Result "1-0"]
[WhiteElo "1863"]
[BlackElo "1787"]
[PlyCount "83"]
[EventDate "2015.09.14"]
[EventType "swiss"]
[EventRounds "9"]
[EventCountry "BUL"]
[SourceTitle "EXT 2016"]
[Source "ChessBase"]
[SourceDate "2015.10.08"]
[SourceVersion "1"]
[SourceVersionDate "2015.10.08"]
[SourceQuality "1"]

1. e4 c6 2. d4 d5 3. Nd2 dxe4 4. Nxe4 Nf6 5. Nxf6+ exf6 6. c3 Bd6 7. Bd3 Be6 8. Ne2 0-0 9. Qc2 g6 10. h4 f5 11. Bg5 Be7 12. Bh6 Re8 13. h5 c5 14. hxg6 fxg6 15. g4 Bg5 16. gxf5 Bd5 17. Bxg5 Qxg5 18. Qa4 Nc6 19. Bc4 Qxf5 20. 0-0-0 Rxe2 21. Bxe2 Bxh1 22. Rxh1 cxd4 23. Qb3+ Kf8 24. Qxb7 Re8 25. Qxc6 Rxe2 26. Qd6+ Kf7 27. Qc7+ Kf6 28. Qd8+ Kg7 29. Qxd4+ Kg8 30. Qc4+ Qe6 31. Qxe6+ Rxe6 32. Kd2 Rb6 33. b3 h5 34. c4 a5 35. Kc3 Rf6 36. Rh2 Kf7 37. Kd4 Rf5 38. c5 Ke6 39. Kc4 Ke5 40. Kb5 Kf4 41. Rh4+ Ke5 42. c6 1-0

[Event "Albena Vivacom op"]
[Site "Albena"]
[Date "2015.09.17"]
[Round "5"]
[White "Green, Moria"]
[Black "Isgandarova, Khayala Ilqar Qizi"]
[Result "0-1"]
[WhiteElo "1787"]
[BlackElo "2213"]
[PlyCount "98"]
[EventDate "2015.09.14"]
[EventType "swiss"]
[EventRounds "9"]
[EventCountry "BUL"]
[SourceTitle "EXT 2016"]
[Source "ChessBase"]
[SourceDate "2015.10.08"]
[SourceVersion "1"]
[SourceVersionDate "2015.10.08"]
[SourceQuality "1"]

1. d4 Nf6 2. c4 g6 3. Nc3 Bg7 4. e4 d6 5. Nge2 0-0 6. Ng3 c5 7. d5 e6 8. Be2 exd5 9. exd5 Re8 10. 0-0 Nbd7 11. Be3 Ne5 12. h3 Nfd7 13. Qd2 f5 14. Rab1 Nf7 15. Kh1 a6 16. f4 Nf6 17. Bf3 Bd7 18. b4 b6 19. a4 Ng4 20. Bg1 Qh4 21. Nge2 g5 22. bxc5 bxc5 23. Qe1 Qh6 24. Rb7 Re7 25. Bxc5 dxc5 26. d6 Qxd6 27. Rxd7 Qxd7 28. Bxa8 Ne3 29. Nd5 Nxd5 30. Bxd5 Qe8 31. Bf3 g4 32. hxg4 fxg4 33. Bxg4 Nh6 34. Bf3 Nf5 35. Qb1 Qg6 36. g4 Rxe2 37. Qxf5 Qxf5 38. gxf5 Ra2 39. Bc6 Kf7 40. Re1 Rf2 41. Re4 Bd4 42. Bd5+ Kf6 43. Bg8 Kxf5 44. Bxh7+ Kg4 45. Re6 a5 46. f5 Kf3 47. Bg8 Rf1+ 48. Kh2 Bg1+ 49. Kh3 Bf2 0-1

[Event "Sofia MGU op 139th"]
[Site "Sofia"]
[Date "2015.03.15"]
[Round "4"]
[White "Andreev, Dobrotich"]
[Black "Green, Moria"]
[Result "1-0"]
[WhiteElo "1924"]
[BlackElo "1717"]
[PlyCount "87"]
[EventDate "2015.03.14"]
[EventType "swiss"]
[EventRounds "6"]
[EventCountry "BUL"]
[SourceTitle "CBM 165 Extra"]
[Source "ChessBase"]
[SourceDate "2015.04.21"]
[SourceVersion "1"]
[SourceVersionDate "2015.04.21"]
[SourceQuality "1"]

1. e4 c6 2. Nc3 d5 3. Nf3 Bg4 4. h3 Bxf3 5. Qxf3 e6 6. d3 Nf6 7. Qg3 Qa5 8. Bd2 Qb6 9. 0-0-0 d4 10. Ne2 Nbd7 11. Nf4 0-0-0 12. Qg5 h6 13. Qa5 Qxa5 14. Bxa5 b6 15. Bd2 g6 16. g4 e5 17. Ne2 g5 18. Ng3 Ne8 19. h4 gxh4 20. Nf5 Nd6 21. Nxd6+ Bxd6 22. Rxh4 Be7 23. Rh5 Rdg8 24. Be2 Bg5 25. Bxg5 hxg5 26. Rdh1 Rxh5 27. gxh5 Nf6 28. h6 Kd7 29. Bh5 Nxh5 30. Rxh5 f6 31. Kd2 Ke7 32. c3 c5 33. cxd4 cxd4 34. Rh1 Kd7 35. Ke2 g4 36. Kf1 Ke6 37. h7 Rh8 38. Kg2 Kf7 39. Kg3 Kg6 40. Kxg4 Rxh7 41. Rxh7 Kxh7 42. Kf5 Kg7 43. f4 exf4 44. Kxf4 1-0

[Event "Sofia MGU op 136th"]
[Site "Sofia"]
[Date "2015.02.15"]
[Round "6"]
[White "Iliev, Alexandar"]
[Black "Green, Moria"]
[Result "0-1"]
[WhiteElo "1735"]
[BlackElo "1689"]
[PlyCount "66"]
[EventDate "2015.02.14"]
[EventType "swiss"]
[EventRounds "6"]
[EventCountry "BUL"]
[SourceTitle "CBM 164 Extra"]
[Source "ChessBase"]
[SourceDate "2015.03.02"]
[SourceVersion "1"]
[SourceVersionDate "2015.03.02"]
[SourceQuality "1"]

1. d4 d5 2. Nd2 Nf6 3. e3 Bf5 4. Ne2 e6 5. Ng3 Bg6 6. h4 h6 7. f4 c5 8. h5 Bh7 9. Nf3 Nbd7 10. Bd3 Bxd3 11. Qxd3 Qb6 12. c3 Rc8 13. 0-0 Be7 14. f5 0-0 15. fxe6 Qxe6 16. Nh4 Ne4 17. Nhf5 Nxg3 18. Nxg3 Nf6 19. Bd2 Ne4 20. Nxe4 dxe4 21. Qe2 Bg5 22. Qf2 cxd4 23. exd4 e3 24. Qf3 exd2 25. Qxb7 Rb8 26. Qxa7 Be3+ 27. Kh1 Qg4 28. Rf3 Qh4+ 29. Rh3 Qe1+ 30. Kh2 Bg1+ 31. Kh1 Bf2+ 32. Rxe1 dxe1Q+ 33. Kh2 Qg1# 0-1

[Event "Sofia MGU op 124th"]
[Site "Sofia"]
[Date "2014.11.09"]
[Round "5"]
[White "Vasilev, Luboslav"]
[Black "Green, Moria"]
[Result "1/2-1/2"]
[WhiteElo "1791"]
[BlackElo "1483"]
[PlyCount "124"]
[EventDate "2014.11.08"]
[EventType "swiss"]
[EventRounds "6"]
[EventCountry "BUL"]
[SourceTitle "EXT 2015"]
[Source "ChessBase"]
[SourceDate "2014.11.20"]
[SourceVersion "1"]
[SourceVersionDate "2014.11.20"]
[SourceQuality "1"]

1. e4 c6 2. d4 d5 3. exd5 cxd5 4. Bd3 Nc6 5. c3 Nf6 6. Bf4 Bg4 7. Qb3 Qc8 8. h3 Bh5 9. Nd2 e6 10. Ngf3 Be7 11. 0-0 0-0 12. Rfe1 a6 13. Rac1 b5 14. a4 Na5 15. Qc2 Bg6 16. Bxg6 hxg6 17. Ne5 Nc4 18. Ra1 Nd7 19. axb5 Ndxe5 20. Bxe5 axb5 21. Bf4 Nxd2 22. Bxd2 Qc6 23. Qb3 Qc4 24. Qxc4 bxc4 25. Bf4 g5 26. Bg3 Rxa1 27. Rxa1 f5 28. Be5 Bf6 29. Bd6 Rd8 30. Bc5 Rb8 31. Ra2 Kf7 32. Kf1 Rb7 33. Ke2 Be7 34. Bxe7 Kxe7 35. Kd2 Kf6 36. Kc2 f4 37. Ra1 Re7 38. Re1 Rb7 39. g3 Rb8 40. g4 Rh8 41. Rh1 f3 42. Kd2 Rb8 43. Rb1 Rh8 44. Rh1 e5 45. dxe5+ Kxe5 46. Ke3 Rf8 47. Rg1 Rb8 48. Rb1 Rb3 49. Kd2 d4 50. cxd4+ Kxd4 51. Kc2 Rb6 52. Rd1+ Kc5 53. Re1 Rh6 54. Re5+ Kd4 55. Rxg5 Rxh3 56. Rf5 Ke4 57. Rf7 Rh2 58. Re7+ Kf4 59. Rf7+ Kxg4 60. Rxg7+ Kf4 61. Rf7+ Ke4 62. Re7+ Kd5 1/2-1/2